| 000 | 01044nam a2200313 4500 | ||
|---|---|---|---|
| 001 | 0000014567 | ||
| 003 | CO-CtgCURN | ||
| 005 | 20250506203501.0 | ||
| 008 | 160627s1983 000 0 eng d | ||
| 020 | _a8471121220 | ||
| 040 |
_aCO-CtgCURN _bspa _ccoctgcurn |
||
| 082 | 0 |
_a136.747 _bG66d |
|
| 100 | 1 | _aGoodnow, Jacqueline. | |
| 245 | 1 | 3 |
_aEl dibujo infantil / _cJacqueline Goodnow , version española de Alfredo Guera Miralles. |
| 250 | _a3a ed. | ||
| 260 |
_aMadrid : _bEdiciones Morata, _c1983. |
||
| 300 | _a215 p. | ||
| 336 | _2rdacontent | ||
| 337 |
_2rdamedia _asin mediacion _bn |
||
| 338 |
_2rdacarrier _avolumen _bnc |
||
| 490 | 1 |
_aColección psicología. El desarrollo infantil ; _v8 |
|
| 500 | _aIncluye bibliografia e indice \ Titulo original. Childrenes drawing. | ||
| 650 | 0 | _aPsicología del dibujo. | |
| 650 | 0 | _aPsicología infantil. | |
| 650 | 0 | _aDibujo infantil. | |
| 908 | _a160627 | ||
| 942 |
_cBK _h136.747 _iG66d _2ddc |
||
| 999 |
_c48226 _d48226 _x1 |
||